| 000 | 00901cam a22002295a 4500 | ||
|---|---|---|---|
| 001 | L142399 | ||
| 008 | 080212s2005 xxk f 000 0 eng d | ||
| 020 | _a9780955099502 | ||
| 035 | _a(Sirsi) u142399 | ||
| 041 | 0 | _aeng | |
| 050 | 0 | 4 | _a692.2 $2 18 |
| 100 | 1 | _aWhittick, K. G. | |
| 245 | 0 | 4 | _aThe Third Surveyor |
| 260 |
_aSurrey _bFaculty of Party Wall Surveyors _c2005 |
||
| 300 |
_a50p. _c21cm. |
||
| 520 | _aSets out the role and functions of a third surveyor, as defined by the Party Wall etc. Act 1996. Includes a table of cases, a draft third surveyors award, and an appointment form for a third surveyor. Also includes a transcript of the Party Wall etc. Act 1996 Chapter 40. | ||
| 650 | 2 | 4 | _aPARTY WALL ETC. ACT 1996 |
| 651 | 4 |
_aEngland and Wales _y1543- |
|
| 690 | _aPROPERTY-PROPERTY MANAGEMENT-EASEMENTS-PARTY WALL SURVEYING-PARTY WALLS | ||
| 700 | 1 | _aCove, R. E. | |
| 942 | _n0 | ||
| 999 |
_c107877 _d107877 |
||